000 00617nam a22002657a 4500
999 _c14303
_d14303
003 OSt
005 20230712153618.0
008 191123s9999 xx 000 0 und
020 _a9789874233820
040 _cadministrador
100 _aIniesta, Nora
245 _aBuenos Aires en blanco y celeste 2
_bOtra geografĂ­a
260 _aBuenos Aires
_bdel autor
_c2017
300 _a144 p.
_bilustrado
600 _aINIESTA, NORA
600 _aFARINA, FERNANDO
650 _aFOTOGRAFIA
651 _aARGENTINA
902 _aM
903 _am
904 _am
907 _aimpreso
942 _2ddc
_cLIBRO